00500nam a22001697a 450000500170000001000260001702000260004303500140006903500140008303700130009708200080011024500720011826000310019027000550022130000210027670000330029720241011144220.0 aENG-134678 ENG-142151 a9789357943291c795.00 aEN-118210 aEN-125683 bDBAD/PUB a921 aThe story of my experiment with truth/cTranslated by mahadev desai aNew delhi bV&S publishers af-2/16, ansari road, dariyaganjbNew delhie110002 a503p.c22cm(pbk) atranslated by mahadev desai